[Event "Wch U16 Girls"]
[Site "Montesilvano"]
[Date "2023.11.23"]
[Round "10"]
[White "Yu, Yuexi"]
[Black "Zelbova, Lada"]
[Result "1-0"]
[WhiteElo "1734"]
[BlackElo "2057"]
[PlyCount "95"]
[EventDate "2023.11.13"]
[EventType "swiss"]
[EventRounds "11"]
[EventCountry "ITA"]
[SourceTitle "CB48_2023"]
[SourceDate "2023.11.29"]
[SourceVersion "1"]
[SourceVersionDate "2023.11.29"]
[SourceQuality "1"]

1. d4 d5 2. c4 e6 3. Nc3 Nf6 4. cxd5 exd5 5. Bg5 c6 6. Qc2 Be7 7. e3 0-0 8. Bd3 Nbd7 9. Nge2 Re8 10. 0-0 Nf8 11. f3 Ng6 12. Rad1 h6 13. Bxg6 fxg6 14. Bf4 g5 15. Be5 Bf8 16. Qd3 Be6 17. h3 Rc8 18. Bh2 b5 19. Nb1 Qe7 20. Ng3 c5 21. Rde1 Qd7 22. Nd2 cxd4 23. Qxd4 Rc2 24. Rc1 Rec8 25. Nb3 Bxh3 26. Rxc2 Rxc2 27. Rf2 Rc4 28. Qd3 Be6 29. Nd4 a6 30. Ngf5 Bxf5 31. Nxf5 Rc1+ 32. Rf1 Qc6 33. Be5 Rxf1+ 34. Kxf1 Qc4 35. Qxc4 bxc4 36. Nxh6+ gxh6 37. Bxf6 Bg7 38. Bxg7 Kxg7 39. g4 Kf6 40. b3 Ke5 41. bxc4 dxc4 42. Ke2 a5 43. Kd2 Kd5 44. Kc3 Kc5 45. e4 Kb5 46. a3 Ka4 47. Kxc4 Kxa3 48. e5 1-0

[Event "Ceske Budejovice op-A"]
[Site "Ceske Budejovice"]
[Date "2023.07.07"]
[Round "7"]
[White "Zelbova, Lada"]
[Black "Steiner, Bruno"]
[Result "1-0"]
[WhiteElo "1894"]
[BlackElo "2041"]
[PlyCount "59"]
[EventDate "2023.07.01"]
[EventType "swiss"]
[EventRounds "9"]
[EventCountry "CZE"]
[SourceTitle "CBM 215 Extra"]
[Source "ChessBase"]
[SourceDate "2023.09.30"]
[SourceVersion "1"]
[SourceVersionDate "2023.09.30"]
[SourceQuality "1"]

1. d4 d5 2. Nf3 Nf6 3. Bf4 e6 4. e3 c5 5. c3 Nc6 6. Nbd2 Be7 7. Ne5 Nd7 8. Bd3 cxd4 9. Nxc6 bxc6 10. exd4 0-0 11. 0-0 c5 12. Re1 cxd4 13. cxd4 Bg5 14. Bg3 g6 15. b4 Bf6 16. Nf3 Qb6 17. Qa4 Bxd4 18. Rac1 e5 19. Rc6 Qb7 20. Ba6 Qb8 21. Nxd4 Nb6 22. Qa5 Bd7 23. Rcc1 Re8 24. Nc6 Bxc6 25. Rxc6 f5 26. Qc5 f4 27. Bh4 Kg7 28. Bf6+ Kh6 29. Qc3 Nd7 30. Qh3# 1-0

[Event "Ceske Budejovice op-A"]
[Site "Ceske Budejovice"]
[Date "2023.07.04"]
[Round "4"]
[White "Dvorak, Jan1111"]
[Black "Zelbova, Lada"]
[Result "0-1"]
[WhiteElo "1593"]
[BlackElo "1894"]
[PlyCount "70"]
[EventDate "2023.07.01"]
[EventType "swiss"]
[EventRounds "9"]
[EventCountry "CZE"]
[SourceTitle "CBM 215 Extra"]
[Source "ChessBase"]
[SourceDate "2023.09.30"]
[SourceVersion "1"]
[SourceVersionDate "2023.09.30"]
[SourceQuality "1"]

1. e4 c5 2. Nf3 d6 3. Bc4 Nf6 4. e5 dxe5 5. Nxe5 e6 6. Qe2 Bd6 7. 0-0 0-0 8. f4 a6 9. a4 b6 10. b3 Bb7 11. Nxf7 Rxf7 12. Qxe6 Qd7 13. Qxf7+ Qxf7 14. Bxf7+ Kxf7 15. Bb2 Nc6 16. Na3 Bc7 17. Rae1 Nd4 18. Bxd4 cxd4 19. Nc4 Nd5 20. Ne5+ Kg8 21. g3 Bd6 22. Nd3 Rc8 23. Re6 Bf8 24. Rc1 Kf7 25. f5 Kg8 26. Kf2 Ba3 27. Rce1 Rxc2 28. R1e2 Bf8 29. Re8 Nf6 30. Rb8 Be4 31. Ne5 d3 32. Re1 Rxd2+ 33. Ke3 Rxh2 34. Nxd3 Bxf5 35. Rxb6 Nd5+ 0-1

[Event "Ceske Budejovice op-A"]
[Site "Ceske Budejovice"]
[Date "2023.07.03"]
[Round "3"]
[White "Zelbova, Lada"]
[Black "Hurtik, Matej"]
[Result "0-1"]
[WhiteElo "1894"]
[BlackElo "2120"]
[PlyCount "87"]
[EventDate "2023.07.01"]
[EventType "swiss"]
[EventRounds "9"]
[EventCountry "CZE"]
[SourceTitle "CBM 215 Extra"]
[Source "ChessBase"]
[SourceDate "2023.09.30"]
[SourceVersion "1"]
[SourceVersionDate "2023.09.30"]
[SourceQuality "1"]

1. e4 d5 2. exd5 Qxd5 3. Nc3 Qa5 4. d4 Nf6 5. Bc4 Nc6 6. Bd2 Qf5 7. Nf3 Qg4 8. Qe2 a6 9. h3 Qd7 10. d5 Na5 11. Ne5 Qd8 12. Bd3 Nxd5 13. Nxd5 Qxd5 14. c4 Qc5 15. b4 Qd4 16. 0-0 Nc6 17. Nxc6 bxc6 18. c5 Be6 19. Bxa6 Bd5 20. Rfd1 e6 21. Be1 Qf6 22. Bc4 Be7 23. Bxd5 exd5 24. Qe3 Qe6 25. Qxe6 fxe6 26. Bc3 Bf6 27. Bxf6 gxf6 28. a4 Kd7 29. a5 Rhb8 30. Ra4 e5 31. a6 d4 32. Kf1 Ke6 33. g4 Kd5 34. f3 h5 35. Ke2 hxg4 36. fxg4 Rh8 37. Rf1 Rxh3 38. Rxf6 Rh2+ 39. Ke1 Rg2 40. Ra5 Ke4 41. a7 Ke3 42. Kf1 Rxg4 43. Rxc6 Rf8+ 44. Ke1 0-1

[Event "Prague Futures 4th"]
[Site "Prague"]
[Date "2022.06.13"]
[Round "5"]
[White "Sowinski, Pawel"]
[Black "Zelbova, Lada"]
[Result "1-0"]
[WhiteElo "2066"]
[BlackElo "1980"]
[PlyCount "89"]
[EventDate "2022.06.08"]
[EventType "tourn"]
[EventRounds "9"]
[EventCountry "CZE"]
[SourceTitle "CBM 208 Extra"]
[Source "ChessBase"]
[SourceDate "2022.07.31"]
[SourceVersion "1"]
[SourceVersionDate "2022.07.31"]
[SourceQuality "1"]

1. c4 e5 2. Nc3 Nf6 3. Nf3 Nc6 4. e4 Bb4 5. d3 d6 6. a3 Bc5 7. b4 Bb6 8. Be3 Bg4 9. Be2 Bxf3 10. Bxf3 Nd4 11. Na4 Nxf3+ 12. Qxf3 Bxe3 13. fxe3 0-0 14. 0-0 Qd7 15. Nc3 c6 16. d4 Qg4 17. c5 Qxf3 18. gxf3 Rfd8 19. cxd6 Rxd6 20. dxe5 Rd3 21. Nd1 Nd7 22. Nb2 Rxe3 23. Nc4 Rc3 24. Rac1 Rxc1 25. Rxc1 b5 26. Rd1 bxc4 27. Rxd7 a5 28. Rc7 axb4 29. axb4 Rb8 30. Rxc6 g5 31. Rxc4 Kf8 32. h4 gxh4 33. f4 Rb6 34. Kg2 Ke7 35. Kh3 Kd7 36. Kxh4 Rh6+ 37. Kg4 Rg6+ 38. Kf3 Rh6 39. b5 Rh3+ 40. Kg4 Rb3 41. Rc5 Rb4 42. Kf5 Kd8 43. Kf6 Rxe4 44. f5 h5 45. Kxf7 1-0

[Event "CZE-ch (Women)"]
[Site "Jaromerice nad Rokytnou"]
[Date "2022.05.26"]
[Round "6"]
[White "Sikorova, Olga"]
[Black "Zelbova, Lada"]
[Result "1-0"]
[WhiteElo "2173"]
[BlackElo "1967"]
[PlyCount "101"]
[EventDate "2022.05.21"]
[EventType "tourn"]
[EventRounds "9"]
[EventCountry "CZE"]
[SourceTitle "CBM 208 Extra"]
[Source "ChessBase"]
[SourceDate "2022.07.31"]
[SourceVersion "1"]
[SourceVersionDate "2022.07.31"]
[SourceQuality "1"]

1. c4 c6 2. Nf3 d5 3. g3 Nf6 4. b3 Bf5 5. Bg2 e6 6. 0-0 Be7 7. d3 h6 8. Bb2 Nbd7 9. Nbd2 0-0 10. a3 a5 11. Ra2 Qc7 12. Qa1 c5 13. cxd5 exd5 14. e4 dxe4 15. dxe4 Be6 16. a4 Rfd8 17. Nc4 Bf8 18. Nfd2 Nb8 19. Be5 Qe7 20. Bxf6 gxf6 21. Nb6 Ra6 22. Nd5 Bxd5 23. exd5 Rad6 24. Re1 Qc7 25. Ne4 Nd7 26. Nxd6 Bxd6 27. Qc1 Kg7 28. f4 Qb6 29. Qc4 Qb4 30. Rc1 Re8 31. Kf2 Nb6 32. Qxb4 cxb4 33. Rac2 Rd8 34. Be4 Re8 35. Kf3 Rd8 36. g4 Re8 37. h4 Rd8 38. h5 Re8 39. Rc7 Bxc7 40. Rxc7 f5 41. gxf5 Rd8 42. Rxb7 Nxd5 43. Bd3 Nxf4 44. Bc4 Nd5 45. Rb5 Nf6 46. Rxa5 Nxh5 47. Ra7 Rf8 48. a5 Kf6 49. Rxf7+ Rxf7 50. Bxf7 Ng7 51. Bg6 1-0

[Event "CZE-ch (Women)"]
[Site "Jaromerice nad Rokytnou"]
[Date "2022.05.23"]
[Round "3"]
[White "Zelbova, Lada"]
[Black "Nemcova, Karin"]
[Result "1-0"]
[WhiteElo "1967"]
[BlackElo "2181"]
[PlyCount "99"]
[EventDate "2022.05.21"]
[EventType "tourn"]
[EventRounds "9"]
[EventCountry "CZE"]
[SourceTitle "CBM 208 Extra"]
[Source "ChessBase"]
[SourceDate "2022.07.31"]
[SourceVersion "1"]
[SourceVersionDate "2022.07.31"]
[SourceQuality "1"]

1. e4 c5 2. Nf3 d6 3. d4 cxd4 4. Nxd4 Nf6 5. Nc3 a6 6. Be2 e5 7. Nb3 Be7 8. Be3 Be6 9. Nd5 Nbd7 10. Qd3 Rc8 11. a4 0-0 12. 0-0 Nc5 13. Nxc5 dxc5 14. c4 Nd7 15. a5 Bg5 16. Rfd1 Bxe3 17. Qxe3 Qe8 18. Ra3 Nb8 19. Qb3 Bxd5 20. cxd5 Qd7 21. Qg3 Qd6 22. Rb3 Nd7 23. Rxb7 Rb8 24. Ra7 Rxb2 25. Rxa6 Qb8 26. Bg4 Rb3 27. Qh4 Rb1 28. h3 Qb3 29. Rxb1 Qxb1+ 30. Kh2 Qxe4 31. Qg3 f5 32. Bf3 Qd4 33. Ra7 Qa4 34. Bd1 Qb5 35. Qg5 g6 36. Qe7 Rf7 37. Qe8+ Kg7 38. a6 c4 39. Qe6 c3 40. Rb7 c2 41. Bxc2 Qc4 42. Rxd7 Qf4+ 43. Kg1 Qc1+ 44. Bd1 Qxd1+ 45. Kh2 Rxd7 46. Qxd7+ Kh6 47. Qa7 Qxd5 48. Qb6 f4 49. a7 Qa2 50. Qc5 1-0

[Event "CZE-ch Amateur"]
[Site "Luhacovice"]
[Date "2022.03.14"]
[Round "3"]
[White "Toman, Jan"]
[Black "Zelbova, Lada"]
[Result "1-0"]
[WhiteElo "2127"]
[BlackElo "1905"]
[PlyCount "87"]
[EventDate "2022.03.12"]
[EventType "swiss"]
[EventRounds "9"]
[EventCountry "CZE"]
[SourceTitle "EXT 2023"]
[Source "ChessBase"]
[SourceDate "2022.10.05"]
[SourceVersion "1"]
[SourceVersionDate "2022.10.05"]
[SourceQuality "1"]

1. d4 Nf6 2. c4 e6 3. Nc3 Bb4 4. e3 0-0 5. Bd3 d5 6. Nf3 c5 7. 0-0 cxd4 8. exd4 dxc4 9. Bxc4 Nbd7 10. Bg5 Be7 11. Qe2 Nd5 12. Bd2 N7f6 13. Ne5 Nb6 14. Bd3 Qxd4 15. Nb5 Qd8 16. Ba5 a6 17. Na3 Bxa3 18. bxa3 Nfd5 19. Nc4 Nf4 20. Qe4 Qxd3 21. Qxd3 Nxd3 22. Nxb6 Rb8 23. Rfd1 Nf4 24. Bb4 Nd5 25. Nxd5 exd5 26. Bxf8 Kxf8 27. Rxd5 Be6 28. Rd6 Rc8 29. f3 Ke7 30. Rb6 Bd5 31. Rd1 Bc6 32. Kf2 f6 33. Ke3 Kf7 34. Rd4 Re8+ 35. Kd2 h6 36. a4 Re7 37. h3 Kg6 38. Rbb4 Kf7 39. Rd6 Kg6 40. Kc3 Re3+ 41. Rd3 Re2 42. Rd2 Re3+ 43. Kd4 Re5 44. Rc2 1-0

[Event "Online Olym Div Top-C"]
[Site "Chess.com INT"]
[Date "2021.09.10"]
[Round "6.1"]
[White "Zelbova, Lada"]
[Black "Vidruska, Renate"]
[Result "0-1"]
[WhiteElo "1928"]
[BlackElo "2000"]
[PlyCount "110"]
[EventDate "2021.09.09"]
[EventType "team (rapid)"]
[EventRounds "9"]
[EventCountry "USA"]
[SourceTitle "CBM 204 Extra"]
[Source "ChessBase"]
[SourceDate "2021.11.30"]
[SourceVersion "1"]
[SourceVersionDate "2021.11.30"]
[SourceQuality "1"]
[WhiteTeam "Czech Republic"]
[BlackTeam "Latvia"]
[WhiteTeamCountry "CZE"]
[BlackTeamCountry "LAT"]

1. e4 e5 2. Nf3 Nc6 3. Bb5 a6 4. Bxc6 dxc6 5. 0-0 f6 6. d4 exd4 7. Nxd4 c5 8. Nb3 Qxd1 9. Rxd1 Bd6 10. Na5 b5 11. a4 Ne7 12. Na3 Rb8 13. axb5 axb5 14. c4 b4 15. Nb5 Rb6 16. Be3 Bd7 17. Nxd6+ cxd6 18. Bf4 Nc8 19. Rd3 Ke7 20. Rad1 Be6 21. Rc1 Rd8 22. Nb3 Rd7 23. Nd2 Ra7 24. b3 Ra2 25. Nf1 Rba6 26. g3 Ra1 27. Kg2 Rxc1 28. Bxc1 f5 29. Bg5+ Kf7 30. exf5 Bxf5 31. Rd2 Ra3 32. Ne3 Be4+ 33. f3 Bc6 34. Rd3 h6 35. Bf4 Ke6 36. h4 Ra2+ 37. Kh3 Bxf3 38. g4 Be4 39. Rd1 Rb2 40. Re1 Rxb3 41. Kh2 Rb2+ 42. Kg1 Kd7 43. Nd1 Rb1 44. Rxe4 Rxd1+ 45. Kf2 d5 46. cxd5 Rxd5 47. Re2 Nb6 48. Be5 g6 49. Bg7 h5 50. g5 c4 51. Bf8 b3 52. Re7+ Kc6 53. Re6+ Kb5 54. Bg7 Na4 55. Rxg6 c3 0-1

[Event "EU-ch Amateur Online 1700/2000"]
[Site "Tornelo INT"]
[Date "2021.04.24"]
[Round "8"]
[White "Kanellis, Nikolaos"]
[Black "Zelbova, Lada"]
[Result "1-0"]
[WhiteElo "1718"]
[BlackElo "1939"]
[PlyCount "53"]
[EventDate "2021.04.24"]
[EventType "swiss (rapid)"]
[EventRounds "8"]
[EventCountry "NET"]
[SourceTitle "EXT 2023"]
[Source "ChessBase"]
[SourceDate "2022.10.05"]
[SourceVersion "1"]
[SourceVersionDate "2022.10.05"]
[SourceQuality "1"]

1. d4 Nf6 2. Nf3 g6 3. c4 Bg7 4. Nc3 d5 5. Qb3 c6 6. Bd2 0-0 7. e3 Bf5 8. Qxb7 Qb6 9. Qxb6 axb6 10. Be2 dxc4 11. Bxc4 b5 12. Be2 Na6 13. 0-0 Nb4 14. Ne1 Be6 15. a3 Nbd5 16. Nd3 Nxc3 17. Bxc3 Bc4 18. Rfc1 Ne4 19. Bf1 Nxc3 20. Rxc3 Rfd8 21. Nb4 Bxf1 22. Kxf1 Kf8 23. Nxc6 Rdc8 24. Rac1 Rc7 25. Nb4 Rac8 26. Rxc7 Rxc7 27. Rxc7 1-0